00441nam a2200157Ia 45000010006000000050017000060080041000230410008000640820017000721000027000892450114001162600009002303000028002396500008002676540008002751639820260306170306.0260306t2017||||xx |||||||||||||| ||und|| aESP a348.56bC243 aCieza Mora, JairoeAUT 0aLas técnicas de reproducción humana asistida:bel impacto y la necesidad de una regulación en el Perú c2017 a351 páginas :c25 cm. aGEN aCDE